US Coast Guard Port Locations - Statistics

General Stats
  • This quiz has been taken 34 times
  • The average score is 18 of 41
Answer Stats
State Port Location % Correct
TX Houston
79%
FL Miami Beach
76%
CA San Diego
76%
AK Juneau
72%
HI Honolulu
69%
FL Jacksonville
69%
AL Mobile
69%
AK Anchorage
66%
MA Boston
66%
LA New Orleans
66%
CA San Francisco
66%
ME South Portland
66%
PA Philadelphia
62%
SC Charleston
59%
MI Detroit
59%
TN Memphis
55%
GA Savannah
55%
WA Seattle
55%
MD Baltimore
48%
TX Corpus Christi
48%
KY Louisville
48%
PR San Juan
48%
MO St. Louis
45%
NY Buffalo
38%
FL Key West
38%
NC Wilmington
38%
VA Portsmouth
34%
CT New Haven
31%
FL St. Petersburg
31%
MN Duluth
28%
WI Milwaukee
28%
AK Valdez
21%
NY Staten Island
14%
GU Santa Rita
10%
MI Sault Ste Marie
10%
LA Houma
7%
TX Port Arthur
7%
CA San Pedro
7%
MA Woods Hole
7%
OR Warrenton
3%
PA Bridgeville
0%
No matching quizzes found
Score Distribution
Percent of People with Each Score
Percentile by Number Answered
Your Score History
You have not taken this quiz